000 00226nam a2200097Ia 4500
008 240331s9999 xx 000 0 und d
082 _bFAR
100 _aFarrington, K
245 2 _aA history of punishment and torture
942 _cL
999 _c3110
_d3110